01245nam a2200277Ia 4500003000400000005001700004008004000021020001800061040000700079041001200086082001700098100002100115245003800136250000600174260005900180300001200239520058700251650001300838650000700851650004900858650001200907650000700919650001700926650000600943700001800949OSt20260130161318.0210210b2005 xxu||||| |||| 00| 0 eng d a81 8061 365 8 cAL aEnglish a612.015 CHAT aCHATTERJEA (M N) aTextbook of medical biochemistry  a6 aN DbJaypee Brothers Medical Publishers (P) Ltd.c2005 axiv,785 aAn ideal way to understand biochemistry and its relevance . • Thoroughly revised book for reference and also for quick revision from the summaries at the end of every chapter. • Frequently uses clinical examples and there is an excellent use of clear and colourful diagrams. • There are also a variety of revision questions at the end of each chapter which are useful for exam practice. • Colourful diagrams are easy to follow and well explained. • The textbook works through the systems of the body in a very logical and clear way without being too complex or misleading. aTextbook aof aMedical Biochemistry Biomolecular Metabolism amedical aEd abiochemistry a6 aSHINDE (Rana)